[Event "Open"]
[Site "Moscow RUS"]
[Date "2006.02.04"]
[Round "7"]
[White "Chadaev,N"]
[Black "Belov,Vl"]
[Result "0-1"]
[WhiteElo "2461"]
[BlackElo "2608"]

1.e4 c5 2.Nf3 d6 3.d4 cxd4 4.Nxd4 Nf6 5.Nc3 a6 6.f3 e6 7.Be3 b5 8.g4 h6 9.Qd2 b4
10.Nce2 e5 11.Nf5 d5 12.exd5 Qxd5 13.O-O-O Bb7 14.Bg2 Nbd7 15.Qxd5 Bxd5 16.Rhg1 g6
17.Nfg3 Rc8 18.Kb1 Bc5 19.Bxc5 Nxc5 20.h4 Ne6 21.Nf1 Bb7 22.Bh1 O-O 23.Ne3 Nf4
24.Ng3 N6d5 25.Rge1 Rfd8 26.Kc1 a5 27.Nxd5 Rxd5 28.Re3 Rdc5 29.Rd2 Ne6 30.Ne2 Ba6
31.Kd1 Kg7 32.Bg2  0-1

[Event "TCh-BEL 2005-6"]
[Site "Belgium BEL"]
[Date "2006.02.05"]
[Round "8"]
[White "Haberkorn,D"]
[Black "Barbier,W"]
[Result "1-0"]
[WhiteElo "2132"]
[BlackElo "2218"]

1.e4 c5 2.Nf3 d6 3.d4 cxd4 4.Nxd4 Nf6 5.Nc3 a6 6.Be3 Ng4 7.Bc1 Nf6 8.f3 e5
9.Nb3 Be6 10.Be3 Nbd7 11.Qd2 b5 12.O-O-O b4 13.Nd5 Bxd5 14.exd5 Nb6 15.Qxb4 Nfxd5
16.Bxb6 Nxb4 17.Bxd8 Kxd8 18.Kb1 Kc7 19.Na5 f5 20.c3 Nc6 21.Nxc6 Kxc6 22.Bd3 g6
23.g4 e4 24.Bc4 Re8 25.gxf5 gxf5 26.fxe4 fxe4 27.Bxa6 Bh6 28.a4 Re5 29.Bb5+ Kc7
30.Rhf1 Rf8 31.Rxf8 Bxf8 32.Bc4 Be7 33.Rd5 Rxd5 34.Bxd5 e3 35.Kc2 h6 36.Kd3 Bg5
37.a5 Bf4 38.b4 e2 39.Kxe2 Bxh2 40.b5 Bg1 41.b6+  1-0

[Event "3rd ch-Mediterranean"]
[Site "Antalya TUR"]
[Date "2006.02.06"]
[Round "8"]
[White "Erturan,Y"]
[Black "Sulypa,A"]
[Result "0-1"]
[WhiteElo "2365"]
[BlackElo "2479"]

1.e4 c5 2.Nf3 d6 3.d4 cxd4 4.Nxd4 Nf6 5.Nc3 a6 6.f3 e6 7.Be3 b5 8.Qd2 Bb7
9.O-O-O Nbd7 10.g4 Nb6 11.a3 Rc8 12.g5 Nfd7 13.Qf2 Rxc3 14.bxc3 d5 15.Kb1 Bxa3
16.Nb3 Na4 17.Qe1 Qc7 18.Ka2 Be7 19.Bd2 O-O 20.Bd3 Ne5 21.Rf1 b4 22.Qe2 Nc4
23.Bxc4 dxc4 24.cxb4 cxb3+ 25.Kxb3 Nb6 26.c4 a5 27.bxa5 Nd7 28.Ra1 Ba6 29.Rfc1 Rb8+
30.Kc3 Bb4+ 31.Kd3 Ne5+ 32.Ke3 Bc5+ 33.Kf4 Nd3+ 34.Kg4 Nf2+  0-1

[Event "ch-UKR b-20"]
[Site "Lviv UKR"]
[Date "2006.02.08"]
[Round "7"]
[White "Kryvoruchko,Y"]
[Black "Onischuk,V"]
[Result "1-0"]
[WhiteElo "2513"]
[BlackElo "2362"]

1.e4 c5 2.Nf3 d6 3.d4 cxd4 4.Nxd4 Nf6 5.Nc3 a6 6.f3 e5 7.Nb3 Be6 8.Be3 Nbd7
9.Qd2 Be7 10.O-O-O O-O 11.g4 b5 12.g5 b4 13.Ne2 Ne8 14.f4 exf4 15.Bxf4 a5
16.Kb1 Nc5 17.Nbd4 Rc8 18.Ng3 a4 19.h4 b3 20.cxb3 axb3 21.a3 g6 22.h5 Ng7
23.Bb5 Bg4 24.hxg6 fxg6 25.Rdf1 Nce6 26.Qh2 h5 27.gxh6 Rxf4 28.hxg7 Rxf1+
29.Nxf1 Nxg7 30.Qh7+ Kf7 31.Ne3 Bf6 32.Nxg4 Bxd4 33.Rf1+ Ke7 34.Qxg6 Qg8
35.Qg5+  1-0

[Event "ch-UKR b-20"]
[Site "Lviv UKR"]
[Date "2006.02.10"]
[Round "9"]
[White "Kryvoruchko,Y"]
[Black "Vovk,A"]
[Result "1/2-1/2"]
[WhiteElo "2513"]
[BlackElo "2325"]

1.e4 c5 2.Nf3 d6 3.d4 cxd4 4.Nxd4 Nf6 5.Nc3 a6 6.f3 e6 7.Be3 b5 8.Qd2 Nbd7
9.O-O-O Bb7 10.g4 Nb6 11.Qf2 Nfd7 12.Nb3 Rc8 13.h4 Rxc3 14.bxc3 Qc7 15.Qe1 d5
16.Kb1 dxe4 17.fxe4 Na4 18.Bd2 Be7 19.g5 Ne5 20.Rh3 Nc4 21.Bc1 Na3+ 22.Bxa3 Bxa3
23.Rhd3 O-O 24.Qg3 Qc8 25.Qe5 Bb2 26.Nc5 Nxc5 27.Kxb2 Bxe4 28.Rg3 Na4+ 29.Kc1 Bd5
30.h5 Qb8 31.Qxb8 Rxb8 32.c4 bxc4 33.Ra3 Nc5 34.Rd4 Kf8 35.Bxc4 Rb4 36.Rxd5 exd5
37.Bxd5 Rb6 38.Rf3 Ne6 39.g6 hxg6 40.hxg6 Ng5 41.Rf5 Rxg6 42.a4 Ke7 43.a5 Ne6
44.Bc4 Nd8 45.Re5+ Kd7 46.Rf5 Ke7 47.Re5+  1/2-1/2

[Event "ch-CZE"]
[Site "Brno CZE"]
[Date "2006.02.12"]
[Round "6"]
[White "Cvek,R"]
[Black "Kalod,R"]
[Result "1-0"]
[WhiteElo "2498"]
[BlackElo "2502"]

1.e4 c5 2.Nf3 d6 3.d4 cxd4 4.Nxd4 Nf6 5.Nc3 a6 6.f3 e5 7.Nb3 Be6 8.Be3 Nbd7
9.Qd2 Be7 10.O-O-O O-O 11.g4 b5 12.g5 b4 13.Ne2 Ne8 14.f4 a5 15.f5 a4 16.fxe6 axb3
17.cxb3 fxe6 18.Kb1 Qa5 19.Nc1 Nc7 20.Bc4 Nb6 21.Rhf1 Rxf1 22.Rxf1 Nxc4 23.bxc4 d5
24.g6 hxg6 25.Qg2 Rf8 26.Rxf8+ Bxf8 27.cxd5 exd5 28.Qxg6 d4 29.Bd2 Qb5 30.Qf5 Bd6
31.h4 Qc4 32.Qf3 Kh8 33.h5 Ne8 34.h6 g6 35.Nd3 Kg8 36.b3 Qe6 37.Bxb4 Bxb4
38.Nxb4 Nf6 39.Nd5 Nxd5 40.exd5 Qa6 41.a4 Kh7 42.Kb2 Kxh6 43.Qf8+ Kg5 44.d6 Qc6
45.Qe7+ Kf5 46.d7 Qc3+ 47.Ka2 Qd2+ 48.Ka3 Qc1+ 49.Kb4 Qc3+ 50.Kb5 Qxb3+ 51.Ka5 Qc3+
52.Kb6 Qb3+ 53.Kc7 Qc4+ 54.Kd8 d3 55.Ke8 Qxa4 56.Qd6 d2 57.Qxd2 Ke6 58.Qd3 e4
59.Qh3+ Kd6 60.Qg3+ Ke6 61.Qxg6+ Ke5 62.Qg7+ Kf4 63.Qf6+ Kg3 64.Ke7 Qa7 65.Qd6+ Kh3
66.Ke8 Qa4 67.Kf8 Qa1 68.Qh6+ Kg2 69.Qg7+ Qxg7+ 70.Kxg7 e3 71.d8=Q e2 72.Qg5+ Kf2
73.Qf4+ Kg2 74.Qe3 Kf1 75.Qf3+ Ke1 76.Kf6 Kd2 77.Qf2 Kd1 78.Qd4+ Kc2 79.Qe3 Kd1
80.Qd3+ Ke1 81.Kg5 Kf2 82.Qd2 Kf1 83.Qf4+ Kg2 84.Qe3 Kf1 85.Qf3+  1-0

[Event "Festival de Meurthe-et-Moselle B"]
[Site "Nancy FRA"]
[Date "2006.02.20"]
[Round "1"]
[White "Hisler,T"]
[Black "Schartz,A"]
[Result "1-0"]
[WhiteElo "2216"]
[BlackElo "2173"]

1.e4 c5 2.Nf3 d6 3.d4 cxd4 4.Nxd4 Nf6 5.Nc3 a6 6.Be3 Ng4 7.Bc1 Nf6 8.f3 e5
9.Nb3 Be6 10.Be3 Nbd7 11.g4 Qc7 12.g5 Nh5 13.Qd2 Be7 14.O-O-O O-O 15.Kb1 Rfd8
16.Nc1 b5 17.N1e2 b4 18.Nd5 Bxd5 19.exd5 g6 20.Ng3 Ng7 21.h4 Nb6 22.b3 Rdc8
23.Qf2 Nd7 24.h5 Nc5 25.Bh3 Rf8 26.Qh2 f5 27.gxf6 Bxf6 28.hxg6 hxg6 29.Bxc5 dxc5
30.d6 Qa7 31.Bf1 Kf7 32.Bc4+ Ke8 33.Qh6  1-0

[Event "13th Open Metalis"]
[Site "Bizovac CRO"]
[Date "2006.02.23"]
[Round "1"]
[White "Berke,A"]
[Black "Fercec,N"]
[Result "0-1"]
[WhiteElo "2020"]
[BlackElo "2508"]

1.e4 c5 2.Nf3 d6 3.d4 cxd4 4.Nxd4 Nf6 5.Nc3 a6 6.f3 e5 7.Nb3 Be7 8.Be3 Be6
9.Qd2 O-O 10.O-O-O Nbd7 11.g4 b5 12.g5 b4 13.gxf6 bxc3 14.Qxc3 Nxf6 15.Kb1 Rc8
16.Qd2 Qc7 17.Bd3 d5 18.exd5 Nxd5 19.Bh6 f5 20.Rhg1 Bf6 21.Bg5 Kh8 22.Bxf6 Rxf6
23.Rge1 f4 24.Qa5 Ne3 25.Qxc7 Rxc7 26.Rc1 g5 27.Nd2 g4 28.Be4 gxf3 29.Bxf3 Bf5
30.Ne4 Rh6 31.Re2 Rc4 32.Ng5 Kg7 33.b3 Rd4 34.Kb2 e4 35.Bh1 Kf6 36.c3 Nd1+
37.Ka3 Nxc3 38.Rxc3 Kxg5 39.Rg2+ Kh4 40.Rf2 e3 41.Rf1 e2 42.Re1 Bg4 43.Bf3 Re6  0-1

[Event "13th Open Metalis"]
[Site "Bizovac CRO"]
[Date "2006.02.25"]
[Round "6"]
[White "Berescu,A"]
[Black "Palac,M"]
[Result "1/2-1/2"]
[WhiteElo "2433"]
[BlackElo "2561"]

1.e4 c5 2.Nf3 d6 3.d4 cxd4 4.Nxd4 Nf6 5.Nc3 a6 6.f3 e5 7.Nb3 Be6 8.Be3 Be7
9.Qd2 O-O 10.O-O-O Nbd7 11.g4  1/2-1/2

[Event "Breizh Masters Women"]
[Site "Guingamp FRA"]
[Date "2006.02.26"]
[Round "1"]
[White "Fierro Baquero,M"]
[Black "Choisy,M"]
[Result "1-0"]
[WhiteElo "2273"]
[BlackElo "2152"]

1.e4 c5 2.Nf3 d6 3.d4 cxd4 4.Nxd4 Nf6 5.Nc3 a6 6.f3 e6 7.Be3 b5 8.Qd2 b4
9.Na4 Nbd7 10.g4 h6 11.O-O-O Ne5 12.b3 Bd7 13.Nb2 Qa5 14.a4 d5 15.exd5 Nxd5
16.f4 Nxg4 17.Nc4 Qc7 18.f5 Ngxe3 19.fxe6 Nxd1 20.exd7+ Qxd7 21.Bg2 N1c3
22.Re1+ Be7 23.Nf5 Rd8 24.Bxd5 Qxf5 25.Bc6+ Rd7 26.Nd6+ Kf8 27.Rxe7 Qf1+
28.Re1 Rxd6 29.Qxd6+  1-0

[Event "56th ch-HUN"]
[Site "Szekesfehervar HUN"]
[Date "2006.03.02"]
[Round "2"]
[White "Almasi,Z"]
[Black "Szabo,Kr1"]
[Result "1-0"]
[WhiteElo "2646"]
[BlackElo "2447"]

1.e4 c5 2.Nf3 d6 3.d4 cxd4 4.Nxd4 Nf6 5.Nc3 a6 6.f3 e6 7.Be3 Nc6 8.Qd2 Be7
9.O-O-O O-O 10.g4 Nxd4 11.Qxd4 b5 12.g5 Nd7 13.h4 Bb7 14.Kb1 Ne5 15.f4 Ng4
16.Bc1 f5 17.Rg1 e5 18.Qd2 Qb6 19.exf5 Nf2 20.Nd5 Bxd5 21.Qxd5+ Kh8 22.Re1 Ne4
23.Qxe4 Qxg1 24.Bd3 d5 25.Qxe5  1-0

[Event "XXII Open"]
[Site "Reykjavik ISL"]
[Date "2006.03.08"]
[Round "3"]
[White "Erenburg,S"]
[Black "Adly,A"]
[Result "1/2-1/2"]
[WhiteElo "2573"]
[BlackElo "2473"]

1.e4 c5 2.Nf3 d6 3.d4 cxd4 4.Nxd4 Nf6 5.Nc3 a6 6.f3 e5 7.Nb3 Be6 8.Be3 Nbd7
9.Qd2 Be7 10.O-O-O Qc7 11.g4 O-O 12.g5 Nh5 13.Kb1 Rfc8 14.Nd5 Bxd5 15.exd5 Nb6
16.Rg1 a5 17.Nc1 a4 18.a3 Nf4 19.Bxf4 exf4 20.c3 Ra5 21.Qxf4 Nxd5 22.Qd4 g6
23.Nd3 Bf8 24.Nf4 Nb6 25.h4 d5 26.Rg4 Rd8 27.h5 Bg7 28.Qe3 Rc5 29.hxg6 hxg6
30.Ne6 fxe6 31.Qxe6+ Kf8 32.Qxg6 Rc6 33.Qf5+ Qf7 34.Qxf7+ Kxf7 35.Bb5 Rc5
36.Bxa4 Nxa4 37.Rxa4 Kg6 38.f4 Rb5 39.Ka2 Kf5 40.Rd2 Rc8 41.Ra7 Rb8 42.a4 Rc5
43.Re2 d4 44.cxd4 Bxd4 45.Re7 b6 46.Rad7 Bh8 47.Rb7 Rcc8 48.Rf7+ Kg6 49.Kb3 Bd4
50.Rbd7 Rd8 51.Rfe7 Kf5 52.Rf7+ Kg6 53.Rh7 Rxd7 54.Rxd7 Bc5 55.Rc7 Bd4 56.Rd7 Bc5
57.Rc7 Bd4 58.Rc4 Rd8 59.Kb4 Kf5 60.Kb5 Kxf4 61.g6 Ke3 62.b4 Rd5+ 63.Ka6 Rd6
64.a5 Rxg6 65.axb6 Rxb6+ 66.Ka5 Rb8 67.Rc6 Kd3 68.b5 Ra8+ 69.Ra6 Rh8 70.Rc6 Ke4
71.b6 Kd5 72.Kb5 Rh1 73.Rg6 Be5 74.Ka6 Bd6 75.b7 Kc5 76.b8=Q Bxb8 77.Kb7 Rb1+
78.Kc8 Be5 79.Kd7 Kd5 80.Rh6 Rb7+ 81.Ke8 Bd6 82.Rh1 Re7+ 83.Kd8 Rf7 84.Ke8 Re7+
85.Kd8 Ra7 86.Ke8 Kc6 87.Re1 Rh7 88.Rc1+ Kd5 89.Re1 Be5 90.Kd8 Ke6 91.Kc8 Rc7+
92.Kd8 Rb7 93.Rc1 Rb8+ 94.Rc8 Rb1 95.Rc2 Rb7 96.Rc6+ Bd6 97.Rc2 Bf4 98.Rc6+ Kd5
99.Rc3 Bd6 100.Rc1 Bc5 101.Re1 Bb4 102.Re2 Kc6 103.Ke8 Bc5 104.Re1 Rg7 105.Re2 Bd6
106.Re1 Rb7 107.Re2 Kd5 108.Kd8 Be5 109.Rc2 Ke6 110.Rc6+ Bd6 111.Rc2 Rb1
112.Re2+ Be5 113.Rc2 Rg1 114.Kc8 Rf1 115.Kb7 Rb1+ 116.Kc6 Rb3 117.Rc1 Rc3+
118.Rxc3 Bxc3  1/2-1/2

[Event "XXII Open"]
[Site "Reykjavik ISL"]
[Date "2006.03.08"]
[Round "3"]
[White "Olafsson,Thorv"]
[Black "Mouradian,K"]
[Result "0-1"]
[WhiteElo "2132"]
[BlackElo "2190"]

1.e4 c5 2.Nf3 d6 3.d4 cxd4 4.Nxd4 Nf6 5.Nc3 a6 6.f3 Qb6 7.Nb3 e6 8.g4 Nc6
9.h4 Be7 10.h5 h6 11.Qe2 Qc7 12.Be3 b5 13.O-O-O Bb7 14.Kb1 Ne5 15.Rg1 Nc4
16.Qf2 Nxe3 17.Qxe3 Nd7 18.Qd4 Rc8 19.Rg2 Bf6 20.Qxd6 Bxc3 21.Qxc7 Rxc7 22.bxc3 Nb6
23.Rd6 Na4 24.c4 bxc4 25.Na5 Ke7 26.Rgd2 Nc3+ 27.Kb2 Nxe4  0-1

[Event "ch-USA GpB"]
[Site "San Diego USA"]
[Date "2006.03.10"]
[Round "8"]
[White "Abrahamyan,T"]
[Black "Milman,L"]
[Result "0-1"]
[WhiteElo "2254"]
[BlackElo "2478"]

1.e4 c5 2.Nf3 d6 3.d4 cxd4 4.Nxd4 Nf6 5.Nc3 a6 6.f3 e6 7.Be3 Nc6 8.Qd2 Be7
9.g4 O-O 10.O-O-O Nxd4 11.Bxd4 b5 12.g5 Nd7 13.h4 Qc7 14.Kb1 b4 15.Ne2 Ne5
16.f4 Nc4 17.Qd3 a5 18.g6 e5 19.gxh7+ Kh8 20.fxe5 dxe5 21.Nf4 Ba6 22.Nd5 Qd6
23.Qf3 exd4 24.Rg1 Qe5 25.Bxc4 Bxc4 26.Nxe7 Qxe7 27.Rg4 f5  0-1

[Event "XXII Open"]
[Site "Reykjavik ISL"]
[Date "2006.03.12"]
[Round "7"]
[White "Gara,A"]
[Black "Mouradian,K"]
[Result "1-0"]
[WhiteElo "2367"]
[BlackElo "2190"]

1.e4 c5 2.Nf3 d6 3.d4 Nf6 4.Nc3 cxd4 5.Nxd4 a6 6.f3 Qb6 7.g4 Nc6 8.Nb3 e6
9.Qe2 Qc7 10.Be3 b5 11.O-O-O b4 12.Na4 Nd7 13.Kb1 Be7 14.g5 Bb7 15.Qf2 Rb8
16.Rg1 a5 17.Nb6 Nce5 18.Bb5 Bc6 19.Bxc6 Nxc6 20.Nxd7 Qxd7 21.f4 Qb7 22.Qg2 a4
23.Nc1 Na7 24.Bxa7 Qxa7 25.f5 Qc7 26.Rgf1 a3 27.b3 Qc3 28.Nd3 h6 29.fxe6 fxe6
30.Qg4 Rc8 31.Rf2 Kd7 32.h4 hxg5 33.hxg5 Rc5 34.Nxc5+ Qxc5 35.Qg3 Bxg5 36.e5 Be7
37.exd6 Bg5 38.Rf7+ Ke8 39.Rc7  1-0

[Event "ch-ARG s/f"]
[Site "Buenos Aires ARG"]
[Date "2006.03.23"]
[Round "3"]
[White "Needleman,G"]
[Black "Demaria,J"]
[Result "1-0"]
[WhiteElo "2413"]
[BlackElo "2273"]

1.e4 c5 2.Nf3 d6 3.d4 cxd4 4.Nxd4 Nf6 5.Nc3 a6 6.Be3 Ng4 7.Bc1 Nf6 8.f3 e5
9.Nb3 Be6 10.Be3 Be7 11.Qd2 O-O 12.O-O-O b5 13.g4 b4 14.Nd5 Bxd5 15.exd5 a5
16.Kb1 Na6 17.Bb5 Nc7 18.Bc6 a4 19.Nc1 Ra5 20.Bb6 Ra6 21.Bxc7 Qxc7 22.Qxb4 Rb8
23.Qc4 Qb6 24.Nd3 e4 25.fxe4 Nxg4 26.a3 Ne5 27.Qc3 Nxd3 28.cxd3 Qf2 29.d4 Rab6
30.Rd2 Qf4 31.Rhd1 Qxe4+ 32.Ka1 Bg5 33.Rc2 Qg4 34.Qd3 Rb3 35.Qe2 Qf5 36.Bxa4 Re3
37.Qc4 h6 38.Rf1 Qh3 39.Ka2 Bf6 40.Rd1 Qf3 41.Rcd2 Bg5 42.Rd3 Qg2 43.R1d2 Qf1
44.Qc7 Ra8 45.Rxe3 Bxe3 46.Rd1 Qf2 47.Bc6 Qc2 48.Qxd6 Rf8 49.Re1 Qc4+ 50.Ka1 Qxd4
51.Qg3 Bf4 52.Qg1 Qd2 53.Rd1 Qa5 54.Qd4 Bd6 55.Ka2 Rb8 56.h4 f6 57.Qc4 Qb6
58.Rd2 Kh8 59.Ba4 Qa5 60.Re2 Be5 61.Bc6 Qb6 62.b4 Qg1 63.Qd3 Qg4 64.Ba4 Rc8
65.Rc2 Rd8 66.Rc6 f5 67.Bc2 g6 68.Re6 Qf4 69.h5 Bg7 70.Qe2 gxh5 71.Re8+ Rxe8
72.Qxe8+ Kh7 73.Qc8 Kg6 74.d6 Qe5 75.Kb3 Bf6 76.d7 Qd5+ 77.Ka4 h4 78.Bb3 Qd6
79.Qg8+ Bg7 80.Qe8+  1-0

[Event "Pius Brinzeu Mem"]
[Site "Timisoara ROM"]
[Date "2006.03.23"]
[Round "6"]
[White "Berescu,A"]
[Black "Nevednichy,V"]
[Result "0-1"]
[WhiteElo "2433"]
[BlackElo "2581"]

1.e4 c5 2.Nf3 d6 3.d4 cxd4 4.Nxd4 Nf6 5.Nc3 a6 6.f3 e6 7.Be3 b5 8.g4 b4 9.Nce2 h6
10.c4 Nbd7 11.Qa4 Qc7 12.h4 Bb7 13.Rh3 g6 14.Nb3 Rb8 15.Na5 Bg7 16.Nxb7 Rxb7
17.Rd1 O-O 18.g5 Nh5 19.Qxa6 Bxb2 20.Qxd6 Qxc4 21.Nf4 Qxa2 22.Nxh5 gxh5 23.gxh6 Be5
24.Qa6 Bc3+ 25.Bd2 Qxa6 26.Bxa6 Rb6 27.Bxc3 bxc3 28.Rxd7 Rb1+ 29.Ke2 c2 30.Rg3+ Kh7
31.Rc7 c1=Q 32.Rxc1 Rxc1 33.Bd3 Kxh6  0-1

[Event "ch-ARG s/f"]
[Site "Buenos Aires ARG"]
[Date "2006.03.24"]
[Round "4"]
[White "Jimenez,Joa"]
[Black "Liascovich,L"]
[Result "0-1"]
[WhiteElo "2218"]
[BlackElo "2432"]

1.e4 c5 2.Nf3 d6 3.d4 cxd4 4.Nxd4 Nf6 5.Nc3 a6 6.f3 e6 7.Be3 b5 8.Qd2 b4
9.Na4 d5 10.Nb3 Nbd7 11.O-O-O Be7 12.Qf2 O-O 13.Qg3 Bb7 14.Nac5 Nxc5 15.Nxc5 Bc6
16.e5 Ne8 17.Nb3 a5 18.Nd4 Bd7 19.Bd3 a4 20.Qh3 f5 21.f4 g6 22.g4 Ng7 23.gxf5 exf5
24.Qg2 Be8 25.h4 a3 26.b3 Qc8 27.Qxd5+ Bf7 28.Qc6 Bc5 29.Qxc8 Raxc8 30.Rh3 Nh5
31.Ne2 Rfd8 32.Kd2 Be7 33.Rg1 Bd5 34.Bb6 Rd7 35.Ke3 Kf7 36.Ng3 Rc6 37.Bd4 Be6
38.Ne2 Rxd4 39.Nxd4 Bc5 40.Rd1 Rc8 41.Be2 Ng7 42.Kf2 Bd5 43.Ke1 Be4 44.Bc4+ Ke7
45.Rd2 Nh5 46.Ne2 Rc7 47.Bd5 Bb6 48.Bxe4 fxe4 49.Kd1 Rc8 50.Rd5 Bf2 51.Kd2 e3+
52.Kd3 Rc3+ 53.Ke4 Rxc2 54.Rxe3 Bxe3 55.Kxe3 Rxe2+ 56.Kf3 Rxa2 57.Rb5 Rb2
58.Rxb4 a2 59.Ra4 Rxb3+ 60.Ke4 Rb4+  0-1

[Event "SFch-NED"]
[Site "Hilversum NED"]
[Date "2006.03.25"]
[Round "3.1"]
[White "Rothuis,V"]
[Black "Smeets,J"]
[Result "1-0"]
[WhiteElo "2342"]
[BlackElo "2550"]

1.e4 c5 2.Nf3 d6 3.d4 cxd4 4.Nxd4 Nf6 5.Nc3 a6 6.f3 e5 7.Nb3 Be6 8.Be3 Be7
9.Qd2 O-O 10.O-O-O Nbd7 11.g4 Qc7 12.Qf2 b5 13.g5 Nh5 14.Qh4 g6 15.Bh3 Nb6
16.Bxe6 fxe6 17.Qg4 Ng7 18.Bxb6 Qxb6 19.Rd3 Rf4 20.Qg2 Rh4 21.Ne2 Qd8 22.f4 exf4
23.Nbd4 f3 24.Qxf3 Bxg5+ 25.Kb1 Qd7 26.Qg2 Be7 27.Nf3 Rh5 28.Nf4 Rc5 29.Rg1 Qe8
30.Nh3 Rac8 31.c3 b4 32.cxb4 Rc4 33.Nd4 Bf6 34.Qd2 Qe7 35.a3 Qb7 36.Nf2 Qc7
37.Ng4 Be5 38.h4 Kh8 39.h5 Nxh5 40.Nxe6 Qe7 41.Nxe5 dxe5 42.Nc5 Nf6 43.Re1 Kg7
44.Rd6 a5 45.Qd3 Rd4 46.Rxd4 exd4 47.Qxd4 axb4 48.axb4 Kg8 49.e5 Ne8 50.Rf1 Nc7
51.Ne4 Ne6 52.Qd5 Rf8 53.Rf6 Rxf6 54.exf6 Qf7 55.b5  1-0

[Event "ch-ARG s/f"]
[Site "Buenos Aires ARG"]
[Date "2006.03.26"]
[Round "7"]
[White "Lo Presti,R"]
[Black "Palmero,P"]
[Result "0-1"]
[WhiteElo "2068"]
[BlackElo "2153"]

1.e4 c5 2.Nf3 d6 3.d4 cxd4 4.Nxd4 Nf6 5.Nc3 a6 6.f3 e5 7.Nb3 Be6 8.Be3 Be7
9.Qd2 O-O 10.O-O-O Nbd7 11.g4 b5 12.g5 b4 13.Nd5 Bxd5 14.gxf6 Nxf6 15.exd5 a5
16.Kb1 Rb8 17.Rg1 Kh8 18.Qd3 Qc7 19.Bg5 a4 20.Nc1 a3 21.b3 Qc5 22.Rg2 Rfc8
23.Bxf6 Bxf6 24.Rg4 Re8 25.Rc4 Qa7 26.Qe4 g6 27.Nd3 Bg7 28.Nxb4 f5 29.Qe2 Qf7
30.Nc6 Rb5 31.Qd2 e4 32.fxe4 fxe4 33.Qe3 Qf6 34.c3 Qf5 35.Nb4 Qh5 36.Re1 Rbb8
37.Nc6 Ra8 38.Nb4 Qxh2 39.Qe2 Qg3 40.Qe3 Qh2 41.Re2 Qh1 42.Qh3 Qg1 43.Qg2 Qb6
44.Rexe4 Rxe4 45.Qxe4 Rf8 46.Qg2 Rf2 47.Rc8+ Bf8 48.Qh3 Rb2+ 49.Ka1 Qf2 50.Rxf8+ Qxf8
51.Bd3 Qf2 52.Qc8+ Kg7 53.Qd7+ Kh6 54.Qh3+ Kg5 55.Nc2 Qg1+ 56.Qf1 Qxf1+ 57.Bxf1 Rxc2
58.Kb1 Rxc3 59.b4 Kf4 60.b5 Ke3  0-1

[Event "ch-ARG s/f"]
[Site "Buenos Aires ARG"]
[Date "2006.03.27"]
[Round "8"]
[White "Tenti,J"]
[Black "Romero,Le"]
[Result "1/2-1/2"]
[WhiteElo "2152"]
[BlackElo "2115"]

1.e4 c5 2.Nf3 d6 3.d4 cxd4 4.Nxd4 Nf6 5.Nc3 a6 6.f3 e5 7.Nb3 Be6 8.Be3 Be7
9.Qd2 Nbd7 10.g4 Nb6 11.g5 Nh5 12.O-O-O O-O 13.Nd5 Nxd5 14.exd5 Bf5 15.Rg1 Qd7
16.Bd3 a5 17.Kb1 a4 18.Nc1 Bd8 19.Bxf5 Qxf5 20.Rdf1 Ba5 21.Qd3 Qd7 22.f4 exf4
23.Bxf4 Bb6 24.Be3 Bxe3 25.Qxe3 Rae8 26.Qf3 g6 27.Nd3 f6 28.gxf6 Rxf6 29.Qg2 Ref8
30.Rxf6 Rxf6 31.Qe4 Qf5 32.Qxa4 Qxd5  1/2-1/2

[Event "7th ch-Euro"]
[Site "Kusadasi TUR"]
[Date "2006.04.04"]
[Round "1"]
[White "Berescu,A"]
[Black "Kempinski,R"]
[Result "1-0"]
[WhiteElo "2433"]
[BlackElo "2619"]

1.e4 c5 2.Nf3 d6 3.d4 cxd4 4.Nxd4 Nf6 5.Nc3 a6 6.f3 e5 7.Nb3 Be6 8.Be3 Be7
9.Qd2 O-O 10.O-O-O Nbd7 11.g4 Qc7 12.Kb1 b5 13.g5 Nh5 14.Nd5 Bxd5 15.exd5 Nb6
16.Rg1 g6 17.h4 Rab8 18.Rg4 f5 19.Rb4 Ng3 20.Bd3 f4 21.Bxb6 Qxb6 22.a4 Qe3
23.Qg2 Bd8 24.axb5 axb5 25.Rxb5 Rxb5 26.Bxb5 e4 27.fxe4 Nxe4 28.Qf1 Ng3 29.Qh3 Nf5
30.Qxe3 Nxe3 31.Re1 Bb6 32.c4 Ng2 33.Re6 f3 34.c5 Bxc5 35.Nxc5 dxc5 36.d6 Nf4
37.Re3 f2 38.d7 Kf7 39.Bc4+ Ne6 40.Bxe6+ Ke7 41.Bh3+ Kd8 42.Re8+  1-0

[Event "4th V.Nabokov Mem"]
[Site "Kyiv UKR"]
[Date "2006.04.05"]
[Round "3"]
[White "Onischuk,V"]
[Black "Podgursky,S"]
[Result "1-0"]
[WhiteElo "2388"]
[BlackElo "2314"]

1.e4 c5 2.Nf3 d6 3.d4 cxd4 4.Nxd4 Nf6 5.Nc3 a6 6.f3 e6 7.Be3 Be7 8.Qd2 O-O
9.O-O-O Nc6 10.g4 Nxd4 11.Bxd4 b5 12.h4 Nd7 13.g5 b4 14.Ne2 e5 15.Be3 Qa5
16.Kb1 Nc5 17.Nc1 Be6 18.h5 Rfb8 19.g6 Na4 20.Nb3 Qc7 21.f4 exf4 22.Bd4 h6
23.gxf7+ Bxf7 24.Qxf4 Bg5 25.Qg3 a5 26.e5 dxe5 27.Bxe5 Rd8 28.Bb5 Rxd1+ 29.Rxd1 Rd8
30.Re1 Nc3+ 31.bxc3 Qb7 32.c4 Bxh5 33.Nd4 Bf7 34.Nf3  1-0

[Event "7th ch-Euro w"]
[Site "Kusadasi TUR"]
[Date "2006.04.06"]
[Round "3"]
[White "Arakhamia,K"]
[Black "Tsiganova,M"]
[Result "1-0"]
[WhiteElo "2426"]
[BlackElo "2282"]

1.e4 c5 2.Nf3 d6 3.d4 cxd4 4.Nxd4 Nf6 5.Nc3 a6 6.f3 Nbd7 7.Be3 b5 8.a4 bxa4
9.Rxa4 Bb7 10.Nb3 e6 11.Na5 Bc8 12.Be2 Nb6 13.Ra2 Qc7 14.O-O Be7 15.Qe1 O-O
16.Qf2 Rb8 17.Rd1 d5 18.e5 Nfd7 19.f4 Bb4 20.Bd4 f6 21.exf6 gxf6 22.Nb3 Nc4
23.Rd3 Bb7 24.Rh3 Rf7 25.Bg4 Qc6 26.Ba7 e5 27.Bxd7 Rxd7 28.Bxb8 d4 29.Rg3+ Kh8
30.Nd1 Ne3 31.fxe5 Nxd1 32.Qxf6+ Qxf6 33.exf6 Bf8 34.Be5 Rf7 35.Bxd4 Be4
36.c4 Bd6 37.Rg7  1-0

[Event "XXXVII Open"]
[Site "Mar del Plata ARG"]
[Date "2006.04.08"]
[Round "1"]
[White "Dimuro,M"]
[Black "Kovalyov,A"]
[Result "0-1"]
[WhiteElo "2004"]
[BlackElo "2309"]

1.e4 c5 2.Nf3 d6 3.d4 cxd4 4.Nxd4 Nf6 5.Nc3 a6 6.f3 e5 7.Nb3 Be6 8.Be3 Nbd7
9.Qd2 Rc8 10.g4 b5 11.g5 Nh5 12.O-O-O Nb6 13.Kb1 Be7 14.Rg1 O-O 15.h4 Qc7
16.Qf2 Rb8 17.Nd5 Bxd5 18.exd5 Nc4 19.Bc1 a5 20.f4 a4 21.Nd2 Nxf4 22.Ne4 f5
23.Ng3 g6 24.Bxf4 exf4 25.Ne2 Ne3 26.Rd2 Nc4 27.Rd3 a3 28.b3 Ne5 29.Rh3 f3
30.Rxf3 Nxf3 31.Qxf3 Qc5 32.Rg2 Rbc8 33.Qd3  0-1

[Event "7th ch-Euro"]
[Site "Kusadasi TUR"]
[Date "2006.04.09"]
[Round "6"]
[White "Aroshidze,L"]
[Black "Sakaev,K"]
[Result "1/2-1/2"]
[WhiteElo "2490"]
[BlackElo "2649"]

1.e4 c5 2.Nf3 d6 3.d4 cxd4 4.Nxd4 Nf6 5.Nc3 a6 6.f3 e6 7.Be3 b5 8.Qd2 Nbd7
9.g4 Nb6 10.a4 Nc4 11.Bxc4 bxc4 12.a5 Bb7 13.Na4 Nd7 14.O-O-O Be7 15.h4 h5
16.g5 g6 17.Ne2 O-O 18.Nb6 Nxb6 19.Bxb6 Qc8 20.Nc3 Bc6 21.Qd4 Qb7 22.f4 Rab8
23.Rhf1 Bd8 24.f5 Bxb6 25.axb6 gxf5 26.exf5 e5 27.Qxc4 Qxb6 28.Rxd6 Qxb2+
29.Kd2 Bb5 30.Rg6+ Kh8 31.Rh6+ Kg8 32.Rg6+  1/2-1/2

[Event "LII Nacional Abierto"]
[Site "Mexico City MEX"]
[Date "2006.04.11"]
[Round "1"]
[White "Rose,F"]
[Black "Hernandez,Ed"]
[Result "0-1"]
[WhiteElo "2006"]
[BlackElo "2344"]

1.e4 c5 2.Nf3 d6 3.d4 cxd4 4.Nxd4 Nf6 5.Nc3 a6 6.f3 e6 7.Be3 Be7 8.Qd2 Qc7
9.O-O-O h5 10.g3 Nbd7 11.Kb1 b6 12.Qf2 b5 13.Rg1 b4 14.Na4 d5 15.exd5 Nxd5
16.Bh3 Ne5 17.Nb3 Nxe3 18.Qxe3 Nc4 19.Qd4 O-O 20.Qe4 Bb7 21.Qe2 Rac8 22.Nd4 Bd5
23.f4 Bf6 24.Nb3 Qc6 25.Rxd5 Qxd5 26.Rd1 Qb5 27.Nd4 Bxd4 28.Rxd4 Na3+  0-1

[Event "Foxwoods Open"]
[Site "Ledyards USA"]
[Date "2006.04.12"]
[Round "1"]
[White "Florean,A"]
[Black "Mirabile,T"]
[Result "1-0"]
[WhiteElo "2426"]
[BlackElo "2204"]

1.e4 c5 2.Nf3 d6 3.d4 cxd4 4.Nxd4 Nf6 5.Nc3 a6 6.f3 e6 7.Be3 Be7 8.Qd2 Nc6
9.O-O-O O-O 10.g4 Nxd4 11.Bxd4 b5 12.g5 Nd7 13.Rg1 Bb7 14.Kb1 b4 15.Ne2 d5
16.exd5 Bxd5 17.f4 Qa5 18.b3 Bc5 19.f5 Bxd4 20.Qxd4 Qc5 21.Nf4 Rfc8 22.Qxc5 Rxc5
23.fxe6 fxe6 24.Bh3 Nf8 25.Nxd5 exd5 26.Rd4 a5 27.Rgd1 Rd8 28.Bg2 g6 29.Rxd5 Rcxd5
30.Rxd5 Rxd5 31.Bxd5+ Kg7 32.c3 Nd7 33.cxb4 axb4 34.Kc2 Ne5 35.Kd2 Kf8 36.Ke3 Ke7
37.Kd4 Kd6 38.h4 Nd7 39.Bg8 Ne5 40.Bd5 Nd7 41.Bg8 Ne5 42.Ke4 Nc6 43.Bxh7 Ne7
44.Kd4 Nf5+ 45.Kc4 Nxh4 46.Kxb4 Nf3 47.Bxg6 Nxg5 48.Kb5 Ne6 49.Kb6 Nc5 50.Bf5  1-0

[Event "Foxwoods Open"]
[Site "Ledyards USA"]
[Date "2006.04.12"]
[Round "1"]
[White "Perelshteyn,E"]
[Black "Moncayo Romero,E"]
[Result "1-0"]
[WhiteElo "2526"]
[BlackElo "2261"]

1.e4 c5 2.Nf3 d6 3.d4 cxd4 4.Nxd4 Nf6 5.Nc3 a6 6.f3 e5 7.Nb3 Be6 8.Be3 Nbd7
9.Qd2 Nb6 10.O-O-O Rc8 11.g4 h6 12.h4 d5 13.Bxb6 Qxb6 14.Nxd5 Bxd5 15.exd5 Bb4
16.c3 O-O 17.Kb1 Nxd5 18.cxb4 Nxb4 19.Bd3 Rfd8 20.Qe2 Rxd3 21.Rxd3 Qg6 22.Rd1 Rd8
23.Nc1  1-0

[Event "32nd ch-IND w"]
[Site "Visakhapatnam IND"]
[Date "2006.04.12"]
[Round "12"]
[White "Iswarya,S"]
[Black "Gomes,M"]
[Result "0-1"]
[WhiteElo "2150"]
[BlackElo "2231"]

1.e4 c5 2.Nf3 d6 3.d4 cxd4 4.Nxd4 Nf6 5.Nc3 a6 6.f3 e5 7.Nb3 Be6 8.Be3 Nbd7
9.g4 b5 10.Qd2 Nb6 11.g5 Nfd7 12.Nd5 Rc8 13.h4 Nc4 14.Bxc4 bxc4 15.Nc1 Nc5
16.Ne2 Bxd5 17.exd5 Be7 18.Nc3 Qa5 19.Ne4 Qxd2+ 20.Kxd2 Nd7 21.Kc3 O-O 22.Rhf1 f6
23.Nd2 fxg5 24.hxg5 Rf5 25.Nxc4 Bxg5 26.Bxg5 Nb6 27.b3 Rxg5 28.Kd3 Nxd5 29.Nxd6 Rc3+
30.Ke2 Rg2+ 31.Ke1 Rcxc2  0-1